01219nam a22002177a 45000010005000000030006000050050017000110080041000280200018000690400029000870500019001160820011001351000019001462450059001652600042002243000043002665200606003096500027009156500026009427000033009689573FISKH20260123151600.0260123b cb ||||| |||| 00| 0 eng d a9780722534878 aFISKHbengcFISKHdFISKH aBF1999 .C67413 a133.43 aCoelho , Paulo aThe Pilgrimage /cPaulo Coelho Author of the Alchemist aLondon :bThorsons Classics, c2015 . a281 pages : billustrations ;c20 cm . aThe Pilgrimage paved the way to Paulo Coehlo's international bestselling novel The Alchemist. In many ways, these two volumes are companions-to truly comprehend one, you must read the other. Step inside this captivating account of Paulo Coehlo's pilgrimage along the road to Santiago. This fascinating parable explores the need to find one's own path. In the end, we discover that the extraordinary is always found in the ordinary and simple ways of everyday people. Part adventure story, part guide to self-discovery, this compelling tale delivers the perfect combination of enchantment and insight.  aInspirationalvFiction aSpiritualityvFiction aClarke , Alan R.eTranslator